Chcú zlikvidovať Hydinu Je ohrozená existencia ďalšieho košického potravinárskeho podniku

Bibliographic Details
Main Author: Macko, Boris (Author)
Corporate Author: Hydina ZK (Košice, Slovensko) (Author)
Format: Article
Language:Slovak
Subjects:

MARC

LEADER 00000nab a2200000 a 4500
001 vtls000900168
003 SK-MaSNL
005 20260302175048.0
008 040720e19990319xo 0 slo
035 |a KE9170 
040 |a KEVKJB  |b slo  |c KEVKJB  |e AACR2 
041 0 |a slo 
044 |a xo  |c SK 
080 |a 637.54  |2 1981 
100 1 |a Macko, Boris  |4 aut  |9 857682 
245 1 0 |a Chcú zlikvidovať Hydinu  |b Je ohrozená existencia ďalšieho košického potravinárskeho podniku 
610 2 7 |a Hydina ZK (Košice, Slovensko)  |2 KEVKJB  |9 879551 
610 2 7 |a Hydinárske závody (Košice, Slovensko)  |2 KEVKJB  |9 879552 
650 0 7 |a problémy odbytové  |2 KEVKJB  |9 884333 
650 0 7 |a informácie  |2 KEVKJB  |9 1285 
651 7 |a Košice (Slovensko)  |2 KEVKJB  |9 18694 
651 7 |a KE,  |2 KEVKJB  |9 877256 
655 7 |a periodikum  |2 snkbucl  |9 29553 
710 2 |a Hydina ZK (Košice, Slovensko)  |4 aut  |9 879551 
773 0 8 |t Košický večer  |g Roč. 10  |g Roč. 31, č.54, 19.3.1999, s. 2 
852 |a ZVYKNI  |b KIS3GCP 
999 |c 1405879  |d 1407809